Klausur und Examen im Straf- und Strafprozessrecht: Klausurtechnik ; Muster und Formalien ; mündliche Prüfung

Saved in:  
Bibliographic Details
Main Author: Helbich, Manfred (Author)
Format: Print Book
Language:German
Published: München Goldmann 1976
In:Year: 1976
Check availability: HBZ Gateway
Subito Delivery Service: Order now.
Keywords:

MARC

LEADER 00000cam a2200000 c 4500
001 223759910
003 DE-627
005 20250410183947.0
007 tu
008 970213s1976 gw ||||| v 00| ||ger c
015 |a 76,A47,0137  |2 dnb 
016 7 |a 760371555  |2 DE-101 
020 |a 3442130115  |9 3-442-13011-5 
035 |a (DE-627)223759910 
035 |a (DE-576)00535949X 
035 |a (DE-599)GBV223759910 
035 |a (OCoLC)74309859 
035 |a (OCoLC)74309859 
035 |a (DE-604)803241370x 
040 |a DE-627  |b ger  |c DE-627  |e rakwb 
041 |a ger 
044 |c XA-DE 
084 |a R 480 (90)  |2 sfb 
084 |a R 510  |2 sfb 
084 |a R 7  |2 sfb 
084 |a 04a  |2 sdnb 
084 |a PH 2620  |2 rvk  |0 (DE-625)rvk/136006: 
100 1 |a Helbich, Manfred  |4 aut 
245 1 0 |a Klausur und Examen im Straf- und Strafprozessrecht  |b Klausurtechnik ; Muster und Formalien ; mündliche Prüfung  |c Manfred Helbich 
264 1 |a München  |b Goldmann  |c 1976 
300 |a 272 S 
336 |a Text  |b txt  |2 rdacontent 
337 |a ohne Hilfsmittel zu benutzen  |b n  |2 rdamedia 
338 |a Band  |b nc  |2 rdacarrier 
490 0 |a Goldmann-Repetitorien  |v 13011  |a JUREP 
583 1 |a Archivierung prüfen  |c 20240324  |f DE-4165  |z 3  |2 pdager 
655 7 |a Fallsammlung  |0 (DE-588)4153616-2  |0 (DE-627)105529699  |0 (DE-576)209804769  |2 gnd-content 
689 0 0 |d g  |0 (DE-588)4011882-4  |0 (DE-627)104704861  |0 (DE-576)208896155  |a Deutschland  |2 gnd 
689 0 1 |d s  |0 (DE-588)4057795-8  |0 (DE-627)106149458  |0 (DE-576)209123737  |a Strafrecht  |2 gnd 
689 0 |5 (DE-627) 
689 1 0 |d g  |0 (DE-588)4011882-4  |0 (DE-627)104704861  |0 (DE-576)208896155  |a Deutschland  |2 gnd 
689 1 1 |d s  |0 (DE-588)4116635-8  |0 (DE-627)105805289  |0 (DE-576)209503211  |a Strafverfahrensrecht  |2 gnd 
689 1 |5 (DE-627) 
935 |i Blocktest 
936 r v |a PH 2620  |b Fall- und Klausurensammlungen  |k Rechtswissenschaft  |k Strafrecht, Strafverfahrensrecht, Kriminologie  |k Strafrecht  |k Allgemeines  |k Fall- und Klausurensammlungen  |0 (DE-627)1272236692  |0 (DE-625)rvk/136006:  |0 (DE-576)202236692 
951 |a BO 
ELC |b 1 
LOK |0 000 xxxxxcx a22 zn 4500 
LOK |0 001 3104711100 
LOK |0 003 DE-627 
LOK |0 004 223759910 
LOK |0 005 20151116135622 
LOK |0 008 150728||||||||||||||||ger||||||| 
LOK |0 035   |a (DE-21-110)kd138440 
LOK |0 040   |a DE-21-110  |c DE-627  |d DE-21-110 
LOK |0 689   |a s  |a Strafprozessrecht 
LOK |0 852   |z Kein Bestand am IfK; Nachweis für KrimDok 
LOK |0 852   |a DE-21-110 
LOK |0 852 1  |9 00 
LOK |0 935   |a k110 
LOK |0 939   |a 28-07-15  |b l01 
ORI |a SA-MARC-krimdoka001.raw 
TIM |a 100019901003_100020261231  |b 1990-10-03 - 2026